| 000 | 00757nam a2200229Ia 4500 | ||
|---|---|---|---|
| 001 | 3094 | ||
| 003 | GE_BSU | ||
| 008 | 181216s||||||||xx |||||||||||||| ||und|| | ||
| 020 | _a5861600848 | ||
| 040 | _cGE_BSU | ||
| 080 | _a338 | ||
| 100 | _aШупыро В.М. | ||
| 245 | _aПреобразование государственной собственности в период экономических реформ | ||
| 245 | _cред. В. П. Юшин. | ||
| 260 | _aМосква | ||
| 260 | _bИНФРА-М | ||
| 260 | _c1997 | ||
| 300 | _a248 с. . | ||
| 541 | _h8 л. | ||
| 653 | _aПреобразование государственной собственности в период экономических реформ | ||
| 942 | _cBK | ||
| 999 |
_c37138 _d37138 |
||